000 01062cam a22003011 4500
001 26889
003 BD-RjUL
005 20211209051100.0
008 140324r1933 enkab b 001 0 eng
035 _a(BD-RjUL)26960
035 _a(OCoLC)3999901
040 _aDLC
_cArU
_dOCoLC
_dOCU
_dOCoLC
_dDLC
_dBD-RjUL
_beng
041 _aeng
082 _a940.5
_bCOI 1933
100 1 _aCole, G. D. H.
_q(George Douglas Howard),
_d1889-1959.
_97576
245 1 4 _aThe intelligent man's review of Europe today /
_cby G. D. H. Cole and Margaret Cole.
260 _aLondon :
_bVictor Gollangz,
_c1933.
300 _axvii, 864, xxiv p. :
_bmaps (1 fold.) ;
_c21 cm.
500 _a"First American edition."
504 _aIncludes Bibliography (p. 617-624) and index.
651 0 _aEurope
_xEconomic conditions
_y1918-1945.
_919444
651 0 _aEurope
_xPolitics and government
_y1918-1945.
_96674
651 0 _aEurope
_xHistory.
_982639
700 1 _aCole, Margaret,
_d1893-1980,
_ejoint author.
_914757
942 _2ddc
_cBK
999 _c26889
_d26889